<?xml version="1.0" encoding="UTF-8"?><?xml-stylesheet type="text/xsl" href="static/style.xsl"?><OAI-PMH xmlns="http://www.openarchives.org/OAI/2.0/" xmlns:xsi="http://www.w3.org/2001/XMLSchema-instance" xsi:schemaLocation="http://www.openarchives.org/OAI/2.0/ http://www.openarchives.org/OAI/2.0/OAI-PMH.xsd"><responseDate>2026-04-17T04:25:45Z</responseDate><request verb="GetRecord" identifier="oai:www.recercat.cat:2445/128412" metadataPrefix="marc">https://recercat.cat/oai/request</request><GetRecord><record><header><identifier>oai:recercat.cat:2445/128412</identifier><datestamp>2025-12-05T10:13:59Z</datestamp><setSpec>com_2072_1057</setSpec><setSpec>col_2072_478856</setSpec><setSpec>col_2072_478917</setSpec></header><metadata><record xmlns="http://www.loc.gov/MARC21/slim" xmlns:dcterms="http://purl.org/dc/terms/" xmlns:xsi="http://www.w3.org/2001/XMLSchema-instance" xmlns:doc="http://www.lyncode.com/xoai" xsi:schemaLocation="http://www.loc.gov/MARC21/slim http://www.loc.gov/standards/marcxml/schema/MARC21slim.xsd">
   <leader>00925njm 22002777a 4500</leader>
   <datafield ind2=" " ind1=" " tag="042">
      <subfield code="a">dc</subfield>
   </datafield>
   <datafield ind2=" " ind1=" " tag="720">
      <subfield code="a">Blasco-Martel, Yolanda</subfield>
      <subfield code="e">author</subfield>
   </datafield>
   <datafield ind2=" " ind1=" " tag="720">
      <subfield code="a">Ibarz Gelabert, Jordi</subfield>
      <subfield code="e">author</subfield>
   </datafield>
   <datafield ind2=" " ind1=" " tag="720">
      <subfield code="a">Lo Cascio, Paola</subfield>
      <subfield code="e">author</subfield>
   </datafield>
   <datafield ind2=" " ind1=" " tag="720">
      <subfield code="a">Monterde Mateo, Òscar</subfield>
      <subfield code="e">author</subfield>
   </datafield>
   <datafield ind2=" " ind1=" " tag="720">
      <subfield code="a">Maynou Felker, Marc</subfield>
      <subfield code="e">author</subfield>
   </datafield>
   <datafield ind2=" " ind1=" " tag="260">
      <subfield code="c">2019-02-19T11:20:29Z</subfield>
   </datafield>
   <datafield ind2=" " ind1=" " tag="260">
      <subfield code="c">2019-02-19T11:20:29Z</subfield>
   </datafield>
   <datafield ind2=" " ind1=" " tag="260">
      <subfield code="c">2019</subfield>
   </datafield>
   <datafield ind2=" " ind1=" " tag="260">
      <subfield code="c">2019-02-19T11:20:29Z</subfield>
   </datafield>
   <datafield ind2=" " ind1=" " tag="520">
      <subfield code="a">Las asignaturas que desarrollan conocimientos históricos han llegado a ser transversales en muchas titulaciones no específicamente históricas. El conocimiento del pasado permite desarrollar un conjunto de competencias en diversas titulaciones como Economía, Administración y Dirección de Empresas, Sociología, Ciencias Políticas... Esto ofrece nuevos retos a la docencia de contenidos históricos. En este caso queremos trabajar la experiencia con las asignaturas de historia dirigidas a tres grados que se imparten en la Universidad de Barcelona. Estas asignaturas tienen muchos contenidos en común, aunque las competencias específicas y transversales de las mismas no coincidan totalmente. Esto permite reflexionar sobre: a) las posibilidades que tiene una asignatura de historia en diferentes grados para desarrollar competencias, b) la visión acerca de la flexibilidad que ofrece el conocimiento histórico que permite contextualizar diferentes problemas que afectan al mundo profesional, y c) la adquisición y evaluación de las competencias transversales en la UB. En el trabajo se analizan los programas de dichas asignaturas, las competencias que se desarrollan y la experiencia docente. El objetivo último es explorar cuáles son las habilidades que los estudios de aspectos históricos permiten adquirir a estudiantes de grados no relacionados con los propios de la disciplina.</subfield>
   </datafield>
   <datafield tag="653" ind2=" " ind1=" ">
      <subfield code="a">Competències transversals</subfield>
   </datafield>
   <datafield tag="653" ind2=" " ind1=" ">
      <subfield code="a">Ensenyament de la història</subfield>
   </datafield>
   <datafield tag="653" ind2=" " ind1=" ">
      <subfield code="a">Metodologia</subfield>
   </datafield>
   <datafield tag="653" ind2=" " ind1=" ">
      <subfield code="a">Generic competences</subfield>
   </datafield>
   <datafield tag="653" ind2=" " ind1=" ">
      <subfield code="a">History education</subfield>
   </datafield>
   <datafield tag="653" ind2=" " ind1=" ">
      <subfield code="a">Methodology</subfield>
   </datafield>
   <datafield ind2="0" ind1="0" tag="245">
      <subfield code="a">Desarrollo de competencias y docencia de conocimientos históricos en grados universitarios fuera del ámbito de la Historia</subfield>
   </datafield>
</record></metadata></record></GetRecord></OAI-PMH>